[Event "POL-ch U18"]
[Site "Szczyrk"]
[Date "2013.??.??"]
[Round "6"]
[White "Dzikowski, Michal"]
[Black "Gabryjalowicz, Jakub"]
[Result "1/2-1/2"]
[WhiteElo "1879"]
[BlackElo "1779"]
[PlyCount "90"]
[EventDate "2013.03.17"]
[EventType "swiss"]
[EventRounds "9"]
[EventCountry "POL"]
[SourceTitle "CBM 153 Extra"]
[Source "ChessBase"]
[SourceDate "2013.04.22"]
[SourceVersion "1"]
[SourceVersionDate "2013.04.22"]
[SourceQuality "1"]

1. d4 d5 2. c4 c6 3. cxd5 cxd5 4. Nc3 Nf6 5. Nf3 Nc6 6. Bf4 Bf5 7. e3 a6 8. Bd3 Bxd3 9. Qxd3 e6 10. 0-0 Bd6 11. Bg5 0-0 12. a3 Na5 13. Nd2 Bxh2+ 14. Kh1 Bd6 15. g3 h6 16. Bxf6 Qxf6 17. b4 Nc6 18. Kg2 b5 19. Rac1 Rac8 20. Nb3 Rfd8 21. f4 Rc7 22. Ne2 Rdc8 23. Nc5 Nb8 24. Rc3 Bxc5 25. dxc5 Nc6 26. Nd4 Rd8 27. Nxc6 Rxc6 28. Qd4 Qe7 29. Rd3 f6 30. Rfd1 a5 31. Qa1 Ra6 32. Qc3 axb4 33. axb4 Ra2+ 34. R1d2 Rxd2+ 35. Rxd2 e5 36. fxe5 fxe5 37. Qb3 Qf7 38. Qd3 e4 39. Qxb5 Qf3+ 40. Kh2 Qxe3 41. Re2 Qf3 42. c6 Kh8 43. c7 Rc8 44. Rg2 Qf7 45. Rc2 Qh5+ 1/2-1/2

[Event "POL-ch U18"]
[Site "Szczyrk"]
[Date "2013.??.??"]
[Round "1"]
[White "Gabryjalowicz, Jakub"]
[Black "Lapaj, Mateusz"]
[Result "1/2-1/2"]
[WhiteElo "1779"]
[BlackElo "2044"]
[PlyCount "111"]
[EventDate "2013.03.17"]
[EventType "swiss"]
[EventRounds "9"]
[EventCountry "POL"]
[SourceTitle "CBM 153 Extra"]
[Source "ChessBase"]
[SourceDate "2013.04.22"]
[SourceVersion "1"]
[SourceVersionDate "2013.04.22"]
[SourceQuality "1"]

1. e4 e6 2. d4 d5 3. exd5 exd5 4. Bd3 Bd6 5. Nf3 Bg4 6. 0-0 Nc6 7. Re1+ Nge7 8. c3 Qd7 9. b4 0-0 10. Nbd2 Bf5 11. Nb3 Ng6 12. b5 Nce7 13. Ne5 Bxe5 14. dxe5 b6 15. Nd4 Bxd3 16. Qxd3 a6 17. f4 Nh4 18. Ba3 axb5 19. Bxe7 Qxe7 20. Qg3 c5 21. f5 f6 22. Qxh4 cxd4 23. Qxd4 Qc5 24. e6 Ra4 25. Qxc5 bxc5 26. Rad1 d4 27. cxd4 cxd4 28. Re4 Rd8 29. Rd2 Rc4 30. Kf2 g6 31. g4 gxf5 32. gxf5 Rc5 33. Rf4 Kf8 34. Kf3 Ke7 35. Ke4 d3 36. Ke3 Re5+ 37. Kf3 Rdd5 38. Kg2 Rxf5 39. Rxf5 Rxf5 40. Rxd3 Kxe6 41. Rd4 Rc5 42. Rb4 Kf5 43. a4 bxa4 44. Rxa4 Kg5 45. Ra3 Rc2+ 46. Kg3 Rc4 47. Ra7 Rc3+ 48. Kg2 h5 49. Ra5+ f5 50. Rb5 Kf4 51. Rb4+ Ke3 52. Kg3 Rd3 53. Rf4 Rd5 54. h3 h4+ 55. Rxh4 Rd8 56. Ra4 1/2-1/2

[Event "POL-chT U19 43th"]
[Site "Suchedniow"]
[Date "2012.07.??"]
[Round "7"]
[White "Gabryjalowicz, Jakub"]
[Black "Sadzikowski, Daniel"]
[Result "0-1"]
[WhiteElo "1775"]
[BlackElo "2433"]
[PlyCount "36"]
[EventDate "2012.07.21"]
[EventType "team-tourn"]
[EventRounds "9"]
[EventCountry "POL"]
[SourceTitle "EXT 2014"]
[Source "ChessBase"]
[SourceDate "2013.11.20"]
[SourceVersion "1"]
[SourceVersionDate "2013.11.20"]
[SourceQuality "1"]
[WhiteTeam "Grzybowo GKSz Solny U19"]
[BlackTeam "Chrzanow UKS SP 8 U19"]
[WhiteTeamCountry "POL"]
[BlackTeamCountry "POL"]

1. e4 c5 2. c3 d5 3. exd5 Qxd5 4. d4 Nf6 5. Nf3 e6 6. Bd3 Be7 7. 0-0 0-0 8. c4 Qh5 9. b3 Rd8 10. dxc5 Nc6 11. Qe2 e5 12. Bc2 e4 13. Nbd2 exf3 14. Nxf3 Bg4 15. Bb2 Bxc5 16. Bxf6 gxf6 17. Qe4 f5 18. Qf4 Bxf3 0-1

[Event "POL-chT U19 43th"]
[Site "Suchedniow"]
[Date "2012.07.??"]
[Round "3"]
[White "Wieczorek, Oskar"]
[Black "Gabryjalowicz, Jakub"]
[Result "1-0"]
[WhiteElo "2284"]
[BlackElo "1775"]
[PlyCount "49"]
[EventDate "2012.07.21"]
[EventType "team-tourn"]
[EventRounds "9"]
[EventCountry "POL"]
[SourceTitle "EXT 2014"]
[Source "ChessBase"]
[SourceDate "2013.11.20"]
[SourceVersion "1"]
[SourceVersionDate "2013.11.20"]
[SourceQuality "1"]
[WhiteTeam "Wroclaw KS Polonia U19"]
[BlackTeam "Grzybowo GKSz Solny U19"]
[WhiteTeamCountry "POL"]
[BlackTeamCountry "POL"]

1. e4 e5 2. d4 exd4 3. Nf3 Nc6 4. Bc4 Bb4+ 5. c3 dxc3 6. bxc3 Bd6 7. 0-0 Nge7 8. Ng5 Ne5 9. Bb3 h6 10. f4 hxg5 11. fxe5 Bc5+ 12. Kh1 d5 13. exd6 Qxd6 14. Bxf7+ Kd7 15. e5 Qxd1 16. Rxd1+ Kc6 17. Ba3 Bg4 18. Bxc5 Kxc5 19. Rd4 Be2 20. Nd2 Rad8 21. Nb3+ Kb5 22. Rb4+ Kc6 23. Nd4+ Kc5 24. Nxe2 Rd2 25. Nd4 1-0

[Event "POL-chT U19 1st League"]
[Site "Ustron"]
[Date "2011.??.??"]
[Round "6.14"]
[White "Malec, Robert"]
[Black "Gabryjalowicz, Jakub"]
[Result "0-1"]
[WhiteElo "1830"]
[BlackElo "1749"]
[PlyCount "99"]
[EventDate "2011.06.24"]
[EventType "team-tourn"]
[EventRounds "9"]
[EventCountry "POL"]
[SourceTitle "EXT 2015"]
[Source "ChessBase"]
[SourceDate "2014.11.20"]
[SourceVersion "1"]
[SourceVersionDate "2014.11.20"]
[SourceQuality "1"]
[WhiteTeam "Legnica Miedz U19"]
[BlackTeam "Grzybowo GKSz Solny U19"]
[WhiteTeamCountry "POL"]
[BlackTeamCountry "POL"]

1. e4 d5 2. exd5 Nf6 3. d4 Nxd5 4. Nf3 g6 5. Be2 Bg7 6. 0-0 0-0 7. c4 Nb6 8. Nc3 Nc6 9. d5 Ne5 10. c5 Nxf3+ 11. Bxf3 Nc4 12. Be2 Ne5 13. f4 Nd7 14. Be3 c6 15. Bf3 cxd5 16. Qxd5 Qc7 17. h3 Nf6 18. Qb3 Rb8 19. Nb5 Qa5 20. Nd4 Nd7 21. Qb5 Qc7 22. Ne2 e5 23. Rac1 exf4 24. Nxf4 Qe5 25. Nd5 Qxb2 26. Qxb2 Bxb2 27. Rb1 Be5 28. Ne7+ Kh8 29. Nxc8 Rbxc8 30. Bxb7 Rc7 31. c6 Nb6 32. a4 Rd8 33. Kh1 Nxa4 34. Ba6 Nc3 35. Rbe1 Bd4 36. Bxd4+ Rxd4 37. Rf3 Na4 38. Rfe3 Kg8 39. Rf3 Kg7 40. Rfe3 Kf6 41. Re8 Rd6 42. Rc1 Nb6 43. Rf1+ Kg7 44. Rc1 Kf6 45. Kh2 h5 46. Rc5 Na4 47. Ra5 Nc3 48. Ra3 Nb5 49. Rf3+ Kg7 50. Rfe3 0-1

[Event "POL-chT U19 2nd League"]
[Site "Chelm Lubelski"]
[Date "2010.07.13"]
[Round "10"]
[White "Kaczmarek, Aleksander"]
[Black "Gabryjalowicz, Jakub"]
[Result "1/2-1/2"]
[WhiteElo "2012"]
[BlackElo "1744"]
[PlyCount "75"]
[EventDate "2010.07.06"]
[EventType "team-tourn"]
[EventRounds "11"]
[EventCountry "POL"]
[SourceTitle "EXT 2011"]
[Source "ChessBase"]
[SourceDate "2010.11.26"]
[SourceVersion "1"]
[SourceVersionDate "2010.11.26"]
[SourceQuality "1"]
[WhiteTeam "Kielce KMKSz Victoria U19"]
[BlackTeam "Grzybowo GKSz Solny U19"]
[WhiteTeamCountry "POL"]
[BlackTeamCountry "POL"]

1. e4 Nf6 2. e5 Nd5 3. c4 Nb6 4. d4 d6 5. exd6 exd6 6. Nc3 Nc6 7. Be3 Be7 8. Be2 0-0 9. Nf3 Bf5 10. 0-0 Bf6 11. Rc1 d5 12. cxd5 Nxd5 13. Nxd5 Qxd5 14. Rc5 Qd7 15. Ne5 Nxe5 16. dxe5 Qxd1 17. Rxd1 b6 18. Rxc7 Bxe5 19. Re7 Bf6 20. Rc7 Bxb2 21. Bf3 Be5 22. Rb7 Be6 23. a3 Bb2 24. a4 Bf6 25. h3 Bb3 26. Rdd7 Bxa4 27. Rxa7 Bxd7 28. Bxa8 Be6 29. Bxb6 g6 30. Bf3 Be5 31. Be3 Rb8 32. Ra8 Rxa8 33. Bxa8 Bc4 34. f4 Bc3 35. Kf2 Kg7 36. Kf3 Bb3 37. Bb6 h5 38. h4 1/2-1/2

[Event "POL-chT U19 2nd League"]
[Site "Chelm Lubelski"]
[Date "2010.07.07"]
[Round "3"]
[White "Gabryjalowicz, Jakub"]
[Black "Sliwicki, Damian"]
[Result "1-0"]
[WhiteElo "1744"]
[BlackElo "1890"]
[PlyCount "97"]
[EventDate "2010.07.06"]
[EventType "team-tourn"]
[EventRounds "11"]
[EventCountry "POL"]
[SourceTitle "EXT 2011"]
[Source "ChessBase"]
[SourceDate "2010.11.26"]
[SourceVersion "1"]
[SourceVersionDate "2010.11.26"]
[SourceQuality "1"]
[WhiteTeam "Grzybowo GKSz Solny U19"]
[BlackTeam "Bydgoszcz Hetman U19"]
[WhiteTeamCountry "POL"]
[BlackTeamCountry "POL"]

1. e4 e5 2. Nf3 Nc6 3. Bb5 Bc5 4. c3 d6 5. d4 exd4 6. cxd4 Bb4+ 7. Nc3 Bd7 8. 0-0 a6 9. Ba4 b5 10. Bc2 Bg4 11. Bb3 Qd7 12. Be3 Nf6 13. d5 Ne5 14. Nxe5 dxe5 15. f3 Bh5 16. Ne2 0-0 17. g4 Bg6 18. Ng3 h5 19. Bg5 Bc5+ 20. Kh1 Nh7 21. Qc1 hxg4 22. Be3 Bxe3 23. Qxe3 gxf3 24. Rxf3 Nf6 25. Nf5 Rab8 26. Rg1 Rb6 27. d6 Bxf5 28. Rxf5 Qxd6 29. Qg3 Ne8 30. Rgf1 Qd2 31. Bxf7+ Kh8 32. Rg1 Rxf7 33. Rxf7 Qb4 34. Qxe5 Nf6 35. Rfxg7 Qxe4+ 36. Qxe4 Nxe4 37. Rxc7 Rd6 38. Re1 Nf6 39. Re2 Rd8 40. Rec2 Rd4 41. Rf7 Ng8 42. Kg2 b4 43. Kg3 a5 44. Rc5 Rd3+ 45. Kg2 Rd2+ 46. Rf2 Rd7 47. Rxa5 b3 48. axb3 Nh6 49. b4 1-0

[Event "Lazy op-B 6th"]
[Site "Lazy"]
[Date "2010.07.02"]
[Round "8"]
[White "Stawicki, Michal"]
[Black "Gabryjalowicz, Jakub"]
[Result "0-1"]
[WhiteElo "1720"]
[BlackElo "1780"]
[PlyCount "140"]
[EventDate "2010.06.27"]
[EventType "swiss"]
[EventRounds "9"]
[EventCountry "POL"]
[SourceTitle "EXT 2011"]
[Source "ChessBase"]
[SourceDate "2010.11.26"]
[SourceVersion "1"]
[SourceVersionDate "2010.11.26"]
[SourceQuality "1"]

1. e4 d5 2. exd5 Nf6 3. Bb5+ Bd7 4. Bc4 Bg4 5. f3 Bc8 6. Nc3 Nbd7 7. d4 Nb6 8. Bb3 Nbxd5 9. Nxd5 Nxd5 10. Ne2 g6 11. c3 Bg7 12. Nf4 c6 13. Qe2 0-0 14. 0-0 a5 15. Bxd5 cxd5 16. Re1 e6 17. Nd3 b6 18. Bf4 Ba6 19. Qd2 Re8 20. Ne5 f6 21. Ng4 g5 22. Bg3 h5 23. Ne3 f5 24. Be5 Bxe5 25. dxe5 f4 26. Nc2 Qe7 27. Nd4 Qf7 28. h3 Kg7 29. g4 hxg4 30. hxg4 Rh8 31. Kg2 Rh6 32. Rh1 Rah8 33. Rxh6 Rxh6 34. Rh1 Rxh1 35. Kxh1 Qg6 36. Qc2 Qxc2 37. Nxc2 Kf7 38. Nd4 Ke7 39. Kg2 Kd7 40. Kf2 Bc4 41. a3 a4 42. Ke1 b5 43. Kd2 Ke7 44. Kc1 Kd7 45. Kc2 Ke7 46. Kd2 Kd7 47. Nc2 Kc6 48. Ne1 Kd7 49. Ng2 Kc6 50. Ke1 Kc5 51. Kd2 Bf1 52. Ne1 d4 53. Nc2 dxc3+ 54. bxc3 Kd5 55. Nd4 Kxe5 56. Nc6+ Kf6 57. Ke1 Bc4 58. Kf2 e5 59. Nb4 Ke6 60. Nc2 Kd6 61. Nb4 Kc5 62. Na6+ Kb6 63. Nb4 Kc5 64. Na6+ Kc6 65. Nb4+ Kd6 66. Nc2 Bd3 67. Nb4 e4 68. Ke1 Kc5 69. Kd2 Kc4 70. Nc6 e3+ 0-1

[Event "Lazy op-B 6th"]
[Site "Lazy"]
[Date "2010.06.29"]
[Round "4"]
[White "Gabryjalowicz, Jakub"]
[Black "Pychynski, Dominik"]
[Result "1-0"]
[WhiteElo "1780"]
[BlackElo "1427"]
[PlyCount "157"]
[EventDate "2010.06.27"]
[EventType "swiss"]
[EventRounds "9"]
[EventCountry "POL"]
[SourceTitle "EXT 2011"]
[Source "ChessBase"]
[SourceDate "2010.11.26"]
[SourceVersion "1"]
[SourceVersionDate "2010.11.26"]
[SourceQuality "1"]

1. e4 e5 2. Nf3 Nf6 3. Nxe5 d6 4. Nf3 Nxe4 5. Bc4 d5 6. Be2 Bd6 7. d3 Nf6 8. Bg5 0-0 9. Nc3 c6 10. 0-0 h6 11. Bh4 Bf5 12. d4 Nbd7 13. Bd3 Bxd3 14. Qxd3 Re8 15. Rae1 Qb6 16. Rb1 Re6 17. Bxf6 Nxf6 18. Nh4 Rae8 19. Nf5 Bb8 20. g3 Qc7 21. Na4 b6 22. b3 Qd7 23. Nc3 Ne4 24. Nd1 Rf6 25. Nfe3 Qh3 26. Nc3 Nxc3 27. Qxc3 h5 28. Ng2 Qf5 29. Rbe1 Rxe1 30. Qxe1 Re6 31. Qd2 Bc7 32. c4 b5 33. cxb5 cxb5 34. Rc1 Re7 35. Ne3 Qd7 36. Rc5 Bb6 37. Rxd5 Qc6 38. Rxh5 Rd7 39. Qc2 Qxc2 40. Nxc2 a6 41. d5 f6 42. Nb4 a5 43. Nc6 g6 44. Rh4 Kf7 45. Rh7+ Ke8 46. Rxd7 Kxd7 47. h4 Kd6 48. Kg2 a4 49. g4 Bc5 50. h5 gxh5 51. gxh5 Kxd5 52. h6 Bf8 53. h7 Bg7 54. Ne7+ Ke6 55. Ng6 Kf7 56. h8Q Bxh8 57. Nxh8+ Kg7 58. b4 Kxh8 59. Kf3 Kg7 60. Ke4 Kg6 61. Kd5 Kg5 62. Kc5 Kg4 63. Kxb5 f5 64. Kxa4 f4 65. b5 Kf3 66. b6 Kxf2 67. b7 Ke3 68. b8Q f3 69. Qb1 f2 70. Qf1 Kf3 71. Kb5 Kg3 72. a4 Kh2 73. a5 Kg3 74. a6 Kh2 75. a7 Kg3 76. a8R Kh2 77. Qxf2+ Kh3 78. Qg1 Kh4 79. Rh8# 1-0

[Event "POL-ch U14"]
[Site "Sekocin Stary"]
[Date "2010.05.06"]
[Round "9"]
[White "Chmielarz, Maciej"]
[Black "Gabryjalowicz, Jakub"]
[Result "1-0"]
[WhiteElo "1739"]
[BlackElo "1780"]
[PlyCount "113"]
[EventDate "2010.05.01"]
[EventType "swiss"]
[EventRounds "10"]
[EventCountry "POL"]
[SourceTitle "EXT 2011"]
[Source "ChessBase"]
[SourceDate "2010.11.26"]
[SourceVersion "1"]
[SourceVersionDate "2010.11.26"]
[SourceQuality "1"]

1. d4 d5 2. c4 c6 3. cxd5 cxd5 4. Nc3 Nf6 5. Nf3 Nc6 6. Bf4 Bg4 7. e3 e6 8. Bb5 Bd6 9. Bxc6+ bxc6 10. Bxd6 Qxd6 11. Rc1 0-0 12. a3 Ne4 13. Qc2 Bxf3 14. gxf3 Ng5 15. f4 Nf3+ 16. Ke2 Nh4 17. Na4 Rac8 18. Nc5 f6 19. Nd3 Ng6 20. Qc5 Qd7 21. Rhg1 Rfe8 22. Nb4 e5 23. fxe5 fxe5 24. Nxc6 exd4 25. Rxg6 hxg6 26. Ne7+ Rxe7 27. Qxc8+ Qxc8 28. Rxc8+ Kh7 29. Rd8 dxe3 30. Rxd5 exf2+ 31. Kxf2 Rc7 32. Ke3 g5 33. Rxg5 Rc2 34. b4 Rc3+ 35. Kd4 Rxa3 36. Ra5 Rh3 37. Rxa7 Rxh2 38. b5 Rb2 39. Kc5 Kh6 40. b6 g5 41. b7 Kh5 42. Kc6 Kh4 43. Ra8 g4 44. b8Q Rxb8 45. Rxb8 g3 46. Rg8 Kh3 47. Kd5 g2 48. Ke4 Kh2 49. Kf3 g1N+ 50. Kf2 Nh3+ 51. Kf1 Nf4 52. Rg4 Nh3 53. Rg2+ Kh1 54. Ra2 Nf4 55. Kf2 Nh3+ 56. Kg3 Ng5 57. Ra1# 1-0

[Event "POL-ch U14"]
[Site "Sekocin Stary"]
[Date "2010.05.04"]
[Round "7"]
[White "Gabryjalowicz, Jakub"]
[Black "Lebiedowicz, Borys"]
[Result "0-1"]
[WhiteElo "1780"]
[BlackElo "1599"]
[PlyCount "107"]
[EventDate "2010.05.01"]
[EventType "swiss"]
[EventRounds "10"]
[EventCountry "POL"]
[SourceTitle "EXT 2011"]
[Source "ChessBase"]
[SourceDate "2010.11.26"]
[SourceVersion "1"]
[SourceVersionDate "2010.11.26"]
[SourceQuality "1"]

1. e4 e5 2. d4 exd4 3. Qxd4 Nc6 4. Qe3 d6 5. Bd2 Be6 6. Nc3 a6 7. 0-0-0 Qd7 8. f4 f6 9. Nf3 0-0-0 10. Nd4 Kb8 11. Be2 g6 12. Rhf1 Nge7 13. Kb1 f5 14. exf5 Bxf5 15. Ne4 Nd5 16. Qd3 Re8 17. Nxf5 Qxf5 18. Bf3 Nxf4 19. Bxf4 Qxf4 20. g3 Qf5 21. Nf6 Qxd3 22. Rxd3 Re6 23. Nd7+ Ka7 24. Bg4 Re8 25. a3 Bg7 26. Rd2 Re7 27. Rdf2 Rhe8 28. Nf6 Re1+ 29. Rxe1 Rxe1+ 30. Ka2 Bxf6 31. Rxf6 Ne5 32. Rf4 h5 33. Bf3 Rf1 34. Be4 Re1 35. Bf3 Nxf3 36. Rxf3 Re2 37. h4 Re6 38. Kb3 Kb6 39. c3 Re4 40. Kc2 Kc5 41. Kd3 Kd5 42. b3 b5 43. Rf6 Rg4 44. Rf3 c5 45. b4 c4+ 46. Ke3 Ke5 47. Ke2 d5 48. Re3+ Re4 49. Kf3 Kf5 50. Rxe4 dxe4+ 51. Ke3 Kg4 52. Kxe4 Kxg3 53. Kd5 Kxh4 54. a4 0-1

[Event "POL-ch U14"]
[Site "Sekocin Stary"]
[Date "2010.05.01"]
[Round "1"]
[White "Jarmula, Pawel"]
[Black "Gabryjalowicz, Jakub"]
[Result "0-1"]
[WhiteElo "1956"]
[BlackElo "1780"]
[PlyCount "164"]
[EventDate "2010.05.01"]
[EventType "swiss"]
[EventRounds "10"]
[EventCountry "POL"]
[SourceTitle "EXT 2011"]
[Source "ChessBase"]
[SourceDate "2010.11.26"]
[SourceVersion "1"]
[SourceVersionDate "2010.11.26"]
[SourceQuality "1"]

1. e4 d5 2. exd5 Nf6 3. d4 Nxd5 4. c4 Nb6 5. h3 g6 6. Nf3 Bg7 7. Nc3 Nc6 8. Be3 0-0 9. d5 Na5 10. Bxb6 Bxc3+ 11. bxc3 axb6 12. Be2 e6 13. 0-0 Qf6 14. Qd2 Rd8 15. Rfd1 exd5 16. cxd5 Be6 17. Qd4 Qxd4 18. Nxd4 Bxd5 19. Nb5 Rac8 20. c4 Bxc4 21. Rxd8+ Rxd8 22. Bxc4 Nxc4 23. Nxc7 Rd2 24. a4 Nb2 25. Nb5 Nd3 26. f3 Nf4 27. g3 Nxh3+ 28. Kh1 Ng5 29. Ra3 Ne6 30. Kg1 Nd4 31. Nxd4 Rxd4 32. Rb3 Rd6 33. Kf2 Re6 34. Rd3 Re5 35. Rb3 b5 36. axb5 Kf8 37. f4 Rd5 38. g4 h5 39. gxh5 gxh5 40. Ke3 Ke7 41. Ke4 Ke6 42. b6 h4 43. Rh3 Rh5 44. Rh1 Kd6 45. f5 Kc6 46. Ke5 Kxb6 47. Rb1+ Kc7 48. Rc1+ Kb8 49. Kf6 Rh7 50. Ke7 h3 51. Rh1 h2 52. Kf8 f6 53. Kg8 Rh5 54. Kf7 Rxf5 55. Rxh2 Kc7 56. Ke6 Rf3 57. Rc2+ Kb8 58. Kd5 f5 59. Rb2 Ra3 60. Ke5 Ra5+ 61. Kd6 f4 62. Rb3 Ka7 63. Kc7 Rc5+ 64. Kd6 b6 65. Ra3+ Kb7 66. Rf3 Rc4 67. Rb3 Ka6 68. Kd5 b5 69. Ra3+ Kb6 70. Ra1 f3 71. Ra2 Rc3 72. Rb2 Ka5 73. Ra2+ Kb4 74. Kd4 Kb3 75. Rd2 b4 76. Rf2 Ka3 77. Rd2 Rc8 78. Rd3+ b3 79. Rxf3 Ka2 80. Rf6 b2 81. Ra6+ Kb1 82. Kd3 Kc1 0-1

[Event "Lazy op-B 5th"]
[Site "Lazy"]
[Date "2009.06.25"]
[Round "4.14"]
[White "Sobkowski, Krzysztof"]
[Black "Gabryjalowicz, Jakub"]
[Result "0-1"]
[WhiteElo "1570"]
[BlackElo "1791"]
[PlyCount "48"]
[EventDate "2009.06.21"]
[EventType "swiss"]
[EventRounds "9"]
[EventCountry "POL"]
[SourceTitle "CBM 131 Extra"]
[Source "ChessBase"]
[SourceDate "2009.09.03"]
[SourceVersion "2"]
[SourceVersionDate "2009.09.16"]
[SourceQuality "1"]

1. c4 c6 2. d4 d5 3. cxd5 cxd5 4. Nf3 Nf6 5. Nc3 Nc6 6. h3 Bf5 7. Nh4 Bd7 8. Bf4 e6 9. e3 Bb4 10. a3 Bxc3+ 11. bxc3 Ne4 12. Qb3 Qxh4 13. g3 Qf6 14. Qb2 g5 15. Be5 Nxe5 16. dxe5 Qxe5 17. Rc1 Rc8 18. Bb5 Rxc3 19. Bxd7+ Kxd7 20. 0-0 Qc7 21. Rfd1 Rc8 22. Rb1 Rc2 23. Qb5+ Qc6 24. Qd3 Qc4 0-1

[Event "Kochan Memorial op 19th"]
[Site "Koszalin"]
[Date "2008.08.08"]
[Round "5"]
[White "Gabryjalowicz, Jakub"]
[Black "Przerwa, Waldemar"]
[Result "1/2-1/2"]
[WhiteElo "1726"]
[BlackElo "1889"]
[PlyCount "115"]
[EventDate "2008.08.04"]
[EventType "swiss"]
[EventRounds "9"]
[EventCountry "POL"]
[SourceTitle "CBM 125 Extra"]
[Source "ChessBase"]
[SourceDate "2008.09.01"]
[SourceVersion "1"]
[SourceVersionDate "2008.09.01"]
[SourceQuality "1"]

1. e4 c6 2. d4 d5 3. Nc3 dxe4 4. Nxe4 Nd7 5. Nf3 Ngf6 6. Nxf6+ Nxf6 7. Bd3 Bg4 8. c3 e6 9. Bg5 Be7 10. 0-0 Qd5 11. Bh4 Bxf3 12. Qxf3 Qxf3 13. gxf3 0-0-0 14. Rfe1 g5 15. Bg3 h5 16. h3 Bd6 17. Bc4 h4 18. Bxd6 Rxd6 19. b4 Nd5 20. Bxd5 Rxd5 21. Re4 Rf5 22. Kg2 Kc7 23. c4 Rd8 24. a4 a5 25. b5 cxb5 26. axb5 b6 27. c5 Rfd5 28. Ra4 bxc5 29. dxc5 Rxc5 30. Rxa5 Kb6 31. Rea4 Rxb5 32. Rxb5+ Kxb5 33. Re4 Rd6 34. f4 Rd5 35. fxg5 Rxg5+ 36. Kf3 Kc5 37. Rxh4 Kd5 38. Rg4 Rh5 39. Kg3 f5 40. Rg8 e5 41. h4 Ke4 42. Rg5 f4+ 43. Kg4 Rh8 44. f3+ Kd4 45. Rg7 Ke3 46. Rg5 e4 47. fxe4 Kxe4 48. Rg7 Re8 49. h5 f3 50. h6 Rf8 51. Re7+ Kd3 52. Rd7+ Ke2 53. Re7+ Kf1 54. Ra7 Kg2 55. Ra2+ f2 56. Kg5 Rg8+ 57. Kf6 Kg3 58. Rxf2 1/2-1/2

[Event "POL-ch U12"]
[Site "Ustron"]
[Date "2008.03.12"]
[Round "7"]
[White "Gabryjalowicz, Jakub"]
[Black "Cieslak, Patrycjusz"]
[Result "1/2-1/2"]
[WhiteElo "1726"]
[BlackElo "1726"]
[PlyCount "124"]
[EventDate "2008.03.08"]
[EventType "swiss"]
[EventRounds "11"]
[EventCountry "POL"]
[SourceTitle "EXT 2010"]
[Source "ChessBase"]
[SourceDate "2010.11.25"]
[SourceVersion "1"]
[SourceVersionDate "2010.11.25"]
[SourceQuality "1"]

1. e4 e5 2. Nf3 Nc6 3. d4 exd4 4. Nxd4 Bc5 5. Be3 Qf6 6. c3 Nge7 7. Bc4 Ne5 8. Be2 Qg6 9. Bf3 Nxf3+ 10. Qxf3 d5 11. exd5 Bg4 12. Qg3 Bd6 13. f4 Nxd5 14. 0-0 0-0 15. c4 Nxe3 16. Qxe3 Bc5 17. Nd2 Rfe8 18. Qc3 Rad8 19. N2b3 Qd6 20. Nxc5 Qxc5 21. Rae1 Be2 22. Rf2 Rxd4 23. b4 Qxc4 24. Qxc4 Rxc4 25. Rfxe2 Rxe2 26. Rxe2 f6 27. Re8+ Kf7 28. Ra8 a6 29. a3 Rc6 30. Rb8 b5 31. Rd8 Rd6 32. Rc8 Rc6 33. Rd8 Rc1+ 34. Kf2 c5 35. bxc5 Rxc5 36. Ra8 Rc4 37. Rxa6 Rxf4+ 38. Ke2 g5 39. Rb6 Rf5 40. Ke3 Re5+ 41. Kf3 Kg6 42. g4 Rc5 43. Kg2 Rc4 44. h3 Rc2+ 45. Kg1 Rb2 46. Kh1 Rb3 47. Kg2 h5 48. gxh5+ Kxh5 49. Rxf6 Rxa3 50. Rb6 Rb3 51. Kh2 b4 52. Kg2 Rb2+ 53. Kg3 b3 54. Kf3 Rb1 55. Kg3 b2 56. Kg2 g4 57. Rb5+ Kh4 58. Rb4 Kh5 59. hxg4+ Kg5 60. Kh2 Kf6 61. Rb5 Kg6 62. g5 Kh5 1/2-1/2